| 000 | 00792nam a2200229 a 4500 | ||
|---|---|---|---|
| 001 | 542 | ||
| 003 | CDMR | ||
| 005 | 20151030104202.0 | ||
| 008 | 130130s1975||||||||||||||||||||||||||||d | ||
| 020 | _a8429711368 | ||
| 040 |
_aCDMR _bcat _cCDMR |
||
| 100 | 1 |
_aThayer, Lee _9391 |
|
| 245 | 1 | 0 |
_aComunicación y sistemas de comunicación _b: en las organizaciones, en la gestión directiva y en las relaciones interpersonales _cLee Thayer ; presentación y notas de Manuel Parés i Maicas |
| 260 |
_aBarcelona _c1975 _bPenínsula |
||
| 300 | _a448 p. | ||
| 490 | 0 |
_aHistoria, ciencia, sociedad _v123 |
|
| 650 | 0 | 4 |
_94483 _aConducta (Psicologia) |
| 650 | 0 | 4 |
_93364 _aTecnologia de la informació |
| 650 | 0 | 4 |
_9388 _aComunicació humana |
| 700 | 1 |
_9794 _aParés i Maicas, Manuel _epr. |
|
| 942 |
_cMON _2udc |
||
| 999 |
_c542 _d542 |
||